000 00301nam a22001337a 4500
008 181009b xxu||||| |||| 00| 0 eng d
020 _a9780691036441
041 _aeng
080 _a321
100 _a19
101 _aSHP
245 _aCooperation among Democracies
_cKappen, Th.R
942 _2udc
_cBK
999 _c49154
_d49154